zpět

Detail výsledku týmu

Spirit Bar - Žižkov, Praha

Datum a čas kvízu

38.5 Celkem bodů Celkový počet nahraných bodů na tomto kvízu bez doplňovacích otázek.
3. Pořadí na kvízu Konečné umístění týmu na tomto kvízu.

Zaznamenané odpovědi

# Otázka Odpověď Body Výsledky
1. V Praze minulý týden začala st... Pankrác 1
2. Aktuálně nejstarším žijícím ps... C 1
3. Společnost Mattel vydala u pří... královna Alžběta II. 1
4. Jedna z českých nápojářských z... Kofola 1
5. Která bývalá úspěšná sportovky... Maria Šarapovová 1
6. Tímto tématem navazujeme v naš... B 1
7. Papírová dvacetikoruna byla v... Přemysl Otakar I. 1
8. V loňském roce oslavila své dv... Met Gala 1
9. Protonové číslo dvacet má vápn... alabastr 1
10. Dne 13. prosince roku 1920 zal... Haribo 1